Different Methods for Releasing of the Contractual Service Margin in Life Insurance Products

Rozbor zmluvnej servisnej marže (CSM), čo je základný koncept v IFRS 17.

Gespeichert in:
Bibliographische Detailangaben
1. Verfasser: Zelinová, Silvia, 1987-
Weitere Verfasser: Komara, Silvia, 1985-
Format: Buchkapitel
Sprache:Slowakisch
Schlagworte:
Tags: Tag hinzufügen
Keine Tags, Fügen Sie das erste Tag hinzu!

MARC

LEADER 00000naa$a2200000$$$4500
001 0305589
005 20241211181414.8
041 0 |a slo 
044 |a SK 
245 1 0 |a Different Methods for Releasing of the Contractual Service Margin in Life Insurance Products  |c Silvia Zelinová, Silvia Komara 
520 |a Rozbor zmluvnej servisnej marže (CSM), čo je základný koncept v IFRS 17. 
610 2 0 |a IFRS 
610 2 0 |a marža 
610 2 0 |a metódy 
610 2 0 |a produkty 
610 2 0 |a poistenie životné 
610 2 0 |a zisk 
100 1 |a Zelinová, Silvia, 1987- 
700 1 |a Komara, Silvia, 1985-